প্ৰেম, হৃদয় আৰু মই / হৃদি বৰুৱা (Record no. 3)
[ view plain ]
| 000 -LEADER | |
|---|---|
| fixed length control field | 00761 a2200241 4500 |
| 003 - CONTROL NUMBER IDENTIFIER | |
| control field | NLI |
| 005 - DATE AND TIME OF LATEST TRANSACTION | |
| control field | 20210601175642.0 |
| 008 - FIXED-LENGTH DATA ELEMENTS--GENERAL INFORMATION | |
| fixed length control field | 210111b ii ||||| |||| 00| 0 eng d |
| 040 ## - CATALOGING SOURCE | |
| Original cataloging agency | NLI |
| Language of cataloging | asm |
| Transcribing agency | Assamese Division |
| 041 0# - LANGUAGE CODE | |
| Language code of text/sound track or separate title | asm |
| 044 ## - COUNTRY OF PUBLISHING/PRODUCING ENTITY CODE | |
| MARC country code | ii |
| 082 04 - DEWEY DECIMAL CLASSIFICATION NUMBER | |
| Edition number | 23rd ed. |
| Classification number | 891.4513 |
| Item number | B 765 |
| 100 ## - MAIN ENTRY--PERSONAL NAME | |
| Personal name | বৰুৱা, হৃদি |
| 9 (RLIN) | 5 |
| Linkage | 880-01 Baruvā, Hṛdi |
| 245 ## - TITLE STATEMENT | |
| Title | প্ৰেম, হৃদয় আৰু মই / হৃদি বৰুৱা |
| Linkage | 880-02 Prem hṛday āru mai /by Hṛdi Baruvā |
| 250 ## - EDITION STATEMENT | |
| Edition statement | 1st |
| 260 ## - PUBLICATION, DISTRIBUTION, ETC. | |
| Name of publisher, distributor, etc. | M P D Publication |
| Date of publication, distribution, etc. | 2019 |
| Place of publication, distribution, etc. | Golaghat |
| 300 ## - PHYSICAL DESCRIPTION | |
| Extent | 200p. |
| Dimensions | 24 cm. |
| 650 #0 - SUBJECT ADDED ENTRY--TOPICAL TERM | |
| Source of heading or term | Short Stories, Assamese |
| 9 (RLIN) | 2 |
| 700 1# - ADDED ENTRY--PERSONAL NAME | |
| Linkage | 880-03 |
| 880 1# - ALTERNATE GRAPHIC REPRESENTATION | |
| Linkage | 100-01 |
| 942 ## - ADDED ENTRY ELEMENTS (KOHA) | |
| Source of classification or shelving scheme | Dewey Decimal Classification |
| Koha item type | Books |
| Classification part | 891.4513 |
| Call number prefix | A |
| Call number suffix | p |
| Withdrawn status | Lost status | Source of classification or shelving scheme | Damaged status | Not for loan | Collection code | Home library | Current library | Shelving location | Date acquired | Source of acquisition | Cost, normal purchase price | Total Checkouts | Full call number | Barcode | Date last seen | Cost, replacement price | Price effective from | Koha item type | Copy/Vol. number |
|---|---|---|---|---|---|---|---|---|---|---|---|---|---|---|---|---|---|---|---|
| Dewey Decimal Classification | Assamese | National Library of India | National Library of India | Assamese - Books - Main Stack Division | 11/01/2021 | 2 | 200.00 | A 891.4513 B 765 p | A20852 | 11/01/2021 | 200.00 | 11/01/2021 | Books | ||||||
| Dewey Decimal Classification | Assamese | National Library of India | National Library of India | Assamese - Books - Main Stack Division | 11/01/2021 | 2 | 200.00 | A 891.4513 B 765 p | A20854 | 11/01/2021 | 200.00 | 11/01/2021 | Books | 2 | |||||
| Dewey Decimal Classification | Assamese | National Library of India | National Library of India | Assamese - Books - Main Stack Division | 11/01/2021 | 2 | 200.00 | A 891.4513 B 765 p | A20855 | 11/01/2021 | 200.00 | 11/01/2021 | Books | 3 | |||||
| Dewey Decimal Classification | Assamese | National Library of India | National Library of India | Assamese - Books - Main Stack Division | 11/01/2021 | 2 | 200.00 | A 891.4513 B 765 p | A20853 | 11/01/2021 | 200.00 | 11/01/2021 | Books | 4 | |||||
| Dewey Decimal Classification | Assamese | National Library of India | National Library of India | Assamese - Books - Main Stack Division | 11/01/2021 | 2 | 200.00 | A 891.4513 B 765 p | A20857 | 11/01/2021 | 200.00 | 11/01/2021 | Books | 5 | |||||
| Dewey Decimal Classification | Assamese | National Library of India | National Library of India | Assamese - Books - Main Stack Division | 11/01/2021 | 2 | 200.00 | A 891.4513 B 765 p | A20856 | 11/01/2021 | 200.00 | 11/01/2021 | Books | 6 |
